A FIRST COURSE IN DATABASE SYSTEMS (Record no. 216782)

MARC details
000 -LEADER
fixed length control field 00741nam a22001937a 4500
008 - FIXED-LENGTH DATA ELEMENTS--GENERAL INFORMATION
fixed length control field 260305b |||||||| |||| 00| 0 eng d
020 ## - INTERNATIONAL STANDARD BOOK NUMBER
International Standard Book Number 978-1-2920-2582-7
050 ## - LIBRARY OF CONGRESS CALL NUMBER
Classification number QA 76.9 .D3 V45 2014
Item number 1
100 ## - MAIN ENTRY--PERSONAL NAME
Personal name ULLMAN,JEFFREY D.
245 ## - TITLE STATEMENT
Title A FIRST COURSE IN DATABASE SYSTEMS
250 ## - EDITION STATEMENT
Edition statement 3RD EDITION
260 ## - PUBLICATION, DISTRIBUTION, ETC.
Place of publication, distribution, etc. EDINBURGH,
Name of publisher, distributor, etc. PEARSON EDUCATION LIMITED,
Date of publication, distribution, etc. 2014.
300 ## - PHYSICAL DESCRIPTION
Extent 504,ILL
500 ## - GENERAL NOTE
General note INCLUDES BIBLOGRAPHIC DESCRIPTION REFERENCES
650 ## - SUBJECT ADDED ENTRY
Topical term or geographic name entry element DATABASE MANAGEMENT
700 ## - ADDED ENTRY--PERSONAL NAME
Personal name WIDOM JENNIFER
942 ## - ADDED ENTRY ELEMENTS (KOHA)
Source of classification or shelving scheme Library of Congress Classification
Koha item type Long Loan Book
Holdings
Withdrawn status Lost status Source of classification or shelving scheme Damaged status Not for loan Collection Home library Current library Shelving location Date acquired Inventory number Total checkouts Full call number Barcode Date last seen Copy number Price effective from Koha item type
    Library of Congress Classification     Science & Technology Kisii University Library Kisii University Library On Display 03/05/2026 112139   QA 76.9 .D3 V45 2014 A000734 03/05/2026 1 03/05/2026 Long Loan Book
    Library of Congress Classification     Science & Technology Kisii University Library Kisii University Library On Display 03/05/2026 112140   QA 76.9 .D3 V45 2014 A000731 03/05/2026 2 03/05/2026 Long Loan Book
    Library of Congress Classification     Science & Technology Kisii University Library Kisii University Library On Display 03/05/2026 112141   QA 76.9 .D3 V45 2014 A000732 03/05/2026 3 03/05/2026 Long Loan Book